| 000 | 01101cgm a2200301 4500 | ||
|---|---|---|---|
| 001 | J957 | ||
| 008 | 090401t1992 xxu||||| |||| 00| 0 eng d | ||
| 035 | _a(Sirsi) u46713 | ||
| 041 | _aeng | ||
| 050 | _a658.3 | ||
| 100 | _aBooth, Bob | ||
| 245 | _aPeople in profit: No. 4 - Teamwork rules (a series on managing people in business) (sound recording). | ||
| 260 |
_aLondon _bRoyal Institution of Chartered Surveyors _c1992 |
||
| 300 | _a1 sound cassette (60 min.) | ||
| 350 | _a0 | ||
| 490 | _aOwlion Audio Programme | ||
| 520 | _aExplains how and why a team of individuals rather than on individual is likely to possess all the attributes necessary for the effective and successful completion of a project. | ||
| 650 | _aAUDIO CASSETTES | ||
| 650 | _aABOUT RICS-RICS MEMBERS | ||
| 650 | _aPERSONNEL MANAGEMENT | ||
| 690 | _aMANAGEMENT-BUSINESS MANAGEMENT-PROFESSIONAL PRACTICE | ||
| 700 | _aScott, Simon | ||
| 700 | _aFrith, Nigel | ||
| 710 |
_aRoyal Institution of Chartered Surveyors _94900 |
||
| 710 |
_aCollege of Estate Management _9400 |
||
| 942 | _n0 | ||
| 948 | _c04/03/1997 | ||
| 999 |
_c85250 _d85250 |
||